ბათუმის შოთა რუსთაველის სახელმწიფო უნივერსიტეტის ბიბლიოთეკა

მასობრივი კომუნიკაციის გააზრებისთვის / (ბიბ.ჩანაწერი № 42360)

000 -ლიდერი
ფიქსირებული სიგრძის საკონტროლო ველი 01836nam a2200265Ia 4500
001 - საკონტროლო ნომერი
საკონტროლო ველი 9056
003 - საკონტროლო ნომრის იდენტიფიკატორი
საკონტროლო ველი GE_BSU
005 - ბოლო ოპერაციის თარიღი და დრო
საკონტროლო ველი 20210408133250.0
008 - ფიქსირებული სიგრძის მონაცემთა ელემენტები - ზოგადი ინფორმაცია
ფიქსირებული სიგრძის საკონტროლო ველი 181216s2009||||ge |||||||||||||| ||geo||
020 ## - წიგნის საერთაშორისო სტანდარტული ნომერი
International Standard Book Number 9789941011948
041 ## - ენის კოდი
Language code of text/sound track or separate title geo
080 ## - უნივერსალური ათობითი კლასიფიკაციის ინდექსი
Universal Decimal Classification number 070(075.8)დ–39
100 ## - მთავარი ჩანაწერი - პიროვნების სახელი
Personal name დეფლორი,მელვინ.
9 (RLIN) 11195
245 ## - ცნობა სათაურის შესახებ
Title მასობრივი კომუნიკაციის გააზრებისთვის /
Statement of responsibility, etc მელვინ დეფლორი, დენისი ევერესტ ,მთარგმნ:ლელა ფიროსმანაშვილი, რედ.ანა ჭაბაშვილი.
264 ## - წარმოების, გამოცემის, დისტრიბუციის და სხვა ცნობები
გამოცემის, წარმოების, დისტრიბუციის... ადგილი თბილისი:
გამოცემის, წარმოების, დისტრიბუციის... სახელწოდება საქართველოს საზოგადოებრივ საქმეთა ინ–ტი,
გამოცემის, წარმოების, დისტრიბუციის... თარიღი 2009.
300 ## - ფიზიკური აღწერა
Extent 448 გვ.:
Dimensions 22სმ.
440 ## - სერიის ცნობა / დამატებულია ჩანაწერი - სათაური
Title წიგნი გამოიც.საქართველოს საზოგადოებრივ საქმეთა ინ–ტის,ჟურნალისტიკისა და მედია მენეჯმენტის კავკასიური სკოლის მიერ,ღია საზოგადოების ინ–ტის ფინანსური მხარდაჭერით.
9 (RLIN) 11196
653 ## - INDEX TERM--UNCONTROLLED
Uncontrolled term კომუნიკაცია
653 ## - INDEX TERM--UNCONTROLLED
Uncontrolled term მასობრივი კომუნიკაციის გააზრებისათვის
653 ## - INDEX TERM--UNCONTROLLED
Uncontrolled term ჟურნალისტიკა
700 ## - ADDED ENTRY--PERSONAL NAME
Personal name ევერეტ,დენისი
9 (RLIN) 11197
700 ## - ADDED ENTRY--PERSONAL NAME
Personal name ფიროსმანაშვილი,ლელა
Relator term მთარგმნელი
9 (RLIN) 11198
700 ## - ADDED ENTRY--PERSONAL NAME
Personal name ჭაბაშვილი, ანა
Relator term რედაქტორი
9 (RLIN) 995
942 ## - ADDED ENTRY ELEMENTS (KOHA)
Koha item type წიგნი
Source of classification or shelving scheme
ეგზემპლარები
ჩამოწერის სტატუსი დაკარგული ეგზემპლარის სტატუსი კლასიფიკაციის წყარო ან თაროზე გაწყობის სქემა დაზიანების სტატუსი არ გაიცემა მუდმივი მდებარეობა (დაცვის ადგილი) ამჟამინდელი ადგილსამყოფელი თაროზე განთავსების ადგილი შეძენის თარიღი სრული შენახვის შიფრი შტრიხკოდი ბოლო ოპერაციის თარიღი ეგზემპლარის მიმდევრობითი ნომერი (კეტერი?) ფასის ძალაში შესვლის თარიღი ეგზემპლარის სახეობა
          ბათუმის შოთა რუსთაველის სახელმწიფო უნივერსიტეტის მთავარი ბიბლიოთეკა ბათუმის შოთა რუსთაველის სახელმწიფო უნივერსიტეტის მთავარი ბიბლიოთეკა წიგნსაცავი 2018-12-17 070(075.8)დ–39 31801 2018-12-17 31801 2018-12-17 წიგნი